[Event "Platja d'Aro op 8th"]
[Site "Platja d'Aro"]
[Date "2021.06.29"]
[Round "6"]
[White "Alvarez Albiol, Victor"]
[Black "Muratet Casadevall, Albert"]
[Result "1/2-1/2"]
[WhiteElo "2222"]
[BlackElo "2133"]
[PlyCount "208"]
[EventDate "2021.06.25"]
[EventType "swiss"]
[EventRounds "9"]
[EventCountry "ESP"]
[SourceTitle "CBM 203 Extra"]
[Source "ChessBase"]
[SourceDate "2021.09.30"]
[SourceVersion "1"]
[SourceVersionDate "2021.09.30"]
[SourceQuality "1"]

1. e4 Nf6 2. e5 Nd5 3. d4 d6 4. Nf3 Bg4 5. Be2 e6 6. 0-0 Be7 7. c4 Nb6 8. h3 Bh5 9. Be3 0-0 10. Nc3 d5 11. c5 Bxf3 12. gxf3 Nc8 13. f4 b6 14. b4 Bh4 15. Bd3 g6 16. Kh2 Ne7 17. Qg4 Nf5 18. Rg1 Kh8 19. Nxd5 Nh6 20. Qg2 exd5 21. f5 Ng8 22. e6 g5 23. f4 f6 24. b5 c6 25. a4 a6 26. a5 bxc5 27. b6 c4 28. Bxc4 dxc4 29. d5 cxd5 30. b7 Nc6 31. bxa8Q Qxa8 32. Qxd5 Nge7 33. Qe4 Qb8 34. Kh1 Qb2 35. Rab1 Qe2 36. fxg5 Bxg5 37. Rbe1 Qd3 38. Qxd3 cxd3 39. Bxg5 fxg5 40. Rg3 d2 41. Rd1 Nxf5 42. Rxg5 Nh4 43. Rc5 Nd4 44. e7 Re8 45. Rxd2 Rxe7 46. Rb2 Ndf3 47. Rc1 Kg7 48. Rbc2 Nd4 49. Rc7 Kf6 50. Rxe7 Kxe7 51. Rc7+ Kd6 52. Rxh7 Ndf3 53. Rh6+ Kc7 54. Rxa6 Kb7 55. Rb6+ Ka7 56. Rf6 Kb7 57. Re6 Ka7 58. Rd6 Kb7 59. a6+ Ka7 60. Rf6 Ka8 61. Rf7 Kb8 62. a7+ Ka8 63. Rh7 Nf5 64. Kg2 N3h4+ 65. Kf2 Ng6 66. Kf3 Nge7 67. Kf4 Kxa7 68. h4 Kb6 69. h5 Kc6 70. Ke5 Kd7 71. Kf6 Kd6 72. Rh8 Kd7 73. Ra8 Kd6 74. Rd8+ Kc7 75. Rd1 Kc6 76. Ke6 Ng7+ 77. Kxe7 Nxh5 78. Rf1 Ng3 79. Rf4 Kd5 80. Ra4 Nf5+ 81. Kf6 Nd4 82. Ra8 Ke4 83. Kg5 Ne6+ 84. Kg4 Nd4 85. Ra7 Kd5 86. Kf4 Ne6+ 87. Ke3 Ke5 88. Ra8 Kd5 89. Ra6 Nc5 90. Ra5 Kd6 91. Ra1 Kd5 92. Rh1 Ne6 93. Rh5+ Kd6 94. Ke4 Nc5+ 95. Kd4 Ne6+ 96. Kc4 Nf4 97. Rf5 Ne6 98. Rf6 Ke5 99. Rf1 Nf4 100. Re1+ Kf5 101. Re7 Ne6 102. Kd3 Nf4+ 103. Kd2 Kf6 104. Ra7 Ke5 1/2-1/2

[Event "Platja d'Aro op 8th"]
[Site "Platja d'Aro"]
[Date "2021.06.28"]
[Round "5"]
[White "Muratet Casadevall, Albert"]
[Black "Vinolas Anglada, Laura"]
[Result "1-0"]
[WhiteElo "2133"]
[BlackElo "1881"]
[PlyCount "137"]
[EventDate "2021.06.25"]
[EventType "swiss"]
[EventRounds "9"]
[EventCountry "ESP"]
[SourceTitle "CBM 203 Extra"]
[Source "ChessBase"]
[SourceDate "2021.09.30"]
[SourceVersion "1"]
[SourceVersionDate "2021.09.30"]
[SourceQuality "1"]

1. e4 e5 2. Nf3 Nc6 3. d4 exd4 4. Nxd4 Nf6 5. Nxc6 bxc6 6. Bd3 d5 7. exd5 cxd5 8. 0-0 Be7 9. Nc3 0-0 10. Bg5 c6 11. Qf3 Re8 12. Rfe1 Rb8 13. Na4 Rb4 14. b3 Bg4 15. Qe3 Be6 16. Qd2 Rb8 17. Bf4 Bb4 18. c3 Bd6 19. h3 c5 20. c4 Rb4 21. Bxd6 Qxd6 22. Qe3 Rc8 23. Rad1 Qc6 24. Nb2 d4 25. Qe5 Nd7 26. Qh5 g6 27. Qg5 Qd6 28. h4 Re8 29. h5 Qe7 30. Qg3 Kg7 31. f4 Qd6 32. h6+ Kg8 33. Qh4 Qe7 34. Qxe7 Rxe7 35. g4 f5 36. gxf5 gxf5 37. Bxf5 Rb6 38. Nd3 Kf8 39. Be4 Bg4 40. Rd2 Rbe6 41. Ne5 Nxe5 42. fxe5 Rxh6 43. Rf1+ Ke8 44. Rg2 Bh3 45. Rg8+ Kd7 46. Bf5+ Bxf5 47. Rxf5 Rg6+ 48. Rxg6 hxg6 49. e6+ Kxe6 50. Rxc5 d3 51. Rd5 Kf6 52. Rxd3 Re2 53. a3 Ke6 54. c5 g5 55. Rd6+ Kf5 56. Rd3 Ke4 57. Rh3 Kf4 58. Rc3 Rd2 59. c6 Rd1+ 60. Kg2 Rd8 61. c7 Rc8 62. Rc5 Ke4 63. Kg3 Kd4 64. b4 a6 65. Kg4 a5 66. Kxg5 axb4 67. axb4 Ke4 68. Kf6 Kd4 69. Ke7 1-0

[Event "Platja d'Aro op 8th"]
[Site "Platja d'Aro"]
[Date "2021.06.26"]
[Round "2"]
[White "Kozlov, Gennady"]
[Black "Muratet Casadevall, Albert"]
[Result "1-0"]
[WhiteElo "2386"]
[BlackElo "2133"]
[PlyCount "115"]
[EventDate "2021.06.25"]
[EventType "swiss"]
[EventRounds "9"]
[EventCountry "ESP"]
[SourceTitle "CBM 203 Extra"]
[Source "ChessBase"]
[SourceDate "2021.09.30"]
[SourceVersion "1"]
[SourceVersionDate "2021.09.30"]
[SourceQuality "1"]

1. d4 Nf6 2. c4 g6 3. Nc3 Bg7 4. e4 d6 5. Nf3 0-0 6. Be2 e5 7. 0-0 Bg4 8. Be3 Bxf3 9. Bxf3 exd4 10. Bxd4 Nc6 11. Be3 Re8 12. g3 Ne5 13. Be2 Qc8 14. f3 h5 15. Kg2 Nh7 16. Qd2 Nc6 17. Rad1 Nf8 18. Bh6 Bh8 19. Bxf8 Kxf8 20. f4 Kg8 21. f5 Bxc3 22. bxc3 Re5 23. c5 d5 24. fxg6 fxg6 25. exd5 Ne7 26. Bc4 Nf5 27. Rde1 Rxe1 28. Rxe1 Nh4+ 29. Kh1 Qg4 30. Qe2 Qxe2 31. Rxe2 Nf5 32. Bd3 Rf8 33. Kg2 Kg7 34. Bxf5 Rxf5 35. c4 Rf7 36. d6 Rd7 37. Rd2 Kf6 38. Kf3 Ke6 39. Kf4 Kf6 40. h4 c6 41. Ke4 b6 42. Kd4 Ke6 43. Re2+ Kf6 44. Re8 Kf7 45. Rc8 Ke6 46. Rxc6 bxc5+ 47. Kxc5 Rf7 48. Rc7 Rf3 49. Re7+ Kf6 50. Rxa7 Rxg3 51. Kc6 Rg4 52. c5 Rxh4 53. d7 Rd4 54. Ra8 g5 55. d8Q+ Rxd8 56. Rxd8 g4 57. Kd6 g3 58. c6 1-0

[Event "Ghent Eastman op 41st"]
[Site "Ghent"]
[Date "2018.07.16"]
[Round "6"]
[White "Muratet Casadevall, Albert"]
[Black "Van de Lisdonk, Lucien"]
[Result "1/2-1/2"]
[WhiteElo "2148"]
[BlackElo "2092"]
[PlyCount "38"]
[EventDate "2018.07.14"]
[EventType "swiss"]
[EventRounds "9"]
[EventCountry "BEL"]
[SourceTitle "CBM 185 Extra"]
[Source "ChessBase"]
[SourceDate "2018.07.29"]
[SourceVersion "1"]
[SourceVersionDate "2018.07.29"]
[SourceQuality "1"]

1. e4 c6 2. d4 Na6 3. Nc3 Nc7 4. Nf3 g6 5. Be3 Bg7 6. Qd2 d6 7. h3 Nf6 8. Be2 Be6 9. Ng5 h6 10. Nxe6 Nxe6 11. d5 Nc7 12. Bf3 cxd5 13. exd5 Qd7 14. a4 h5 15. 0-0 0-0 16. Rad1 Kh7 17. Rfe1 b6 18. Qd3 Rfe8 19. Bd4 Kg8 1/2-1/2